Solitérny objekt na pestovanie rastlín

Guardado en:
Detalles Bibliográficos
Autor principal: Krejčiová, Simona (Autor)
Otros Autores: Paliatka, Peter (Orientador)
Formato: Manuscrito Libro
Lenguaje:eslovaco
Publicado: Bratislava 2019
Materias:
Acceso en línea:http://is.stuba.sk/zp/portal_zp.pl?podrobnosti=133789
Etiquetas: Agregar Etiqueta
Sin Etiquetas, Sea el primero en etiquetar este registro!

MARC

LEADER 00000ntm a22000003a 4500
001 stuzp74862
003 SK-STU
005 20200923095628.5
007 ta
008 150427s2015----xo-----f-mn---000-0-slo-d
040 |a STU  |b slo 
041 0 |a slo 
100 1 |a Krejčiová, Simona  |u 059190  |4 aut  |U FAD Fakulta architektúry  |T FA Ústav dizajnu  |X 82429  |U A9190  |Y 400  |7 82429 
242 0 1 |a Object for growing plants  |y eng 
245 1 0 |a Solitérny objekt na pestovanie rastlín 
260 |c 2019  |a Bratislava 
650 4 |a hydropónia  |2 slo 
650 4 |a rastliny  |2 slo 
650 4 |a dizajn  |2 slo 
650 4 |a hydroponics  |2 eng 
650 4 |a plants  |2 eng 
650 4 |a design  |2 eng 
700 1 |a Paliatka, Peter  |u 059190  |k Z1  |4 ths  |U FAD Fakulta architektúry  |T FA Ústav dizajnu  |X 332  |U A9190  |Y 400  |7 A000000332 
856 4 |u http://is.stuba.sk/zp/portal_zp.pl?podrobnosti=133789  |u https://opac.crzp.sk/?fn=detailBiblioForm&sid=819BE1355532A4D317116DAB1E91